| 000 | 00987cam a2200277 4500 | ||
|---|---|---|---|
| 008 | 090401t1999 xxu||||| |||| 00| 0 eng d | ||
| 020 | _a0415156912 | ||
| 035 | _a(Sirsi) u89566 | ||
| 041 | _aeng | ||
| 050 | _a711.1 | ||
| 100 | _aHarrop, D.Owen | ||
| 245 | _aEnvironmental assessment in practice. | ||
| 260 |
_aLondon _bRoutledge _c1999 |
||
| 300 | _axvi,219p. ; 25cm. | ||
| 350 | _a16.99 | ||
| 490 | _aRoutledge Environmental Management Series | ||
| 520 | _aAfter considering the purpose of EAs, the authors examine methods and techniques, risk assessment, the public role, management and quality assurance. Includes two case studies on a chipboard manufacturing plant and a pig breeding centre. | ||
| 650 | _aENVIRONMENTAL ASSESSMENT | ||
| 650 | _aQUALITY ASSURANCE | ||
| 650 | _aRISK MANAGEMENT | ||
| 650 | _aSTRATEGIC ENVIRONMENTAL ASSESSMENT | ||
| 690 | _aENVIRONMENTAL AND LAND CONSULTANCY | ||
| 700 | _aNixon, J.Ashley | ||
| 942 | _n0 | ||
| 948 | _c09/11/1998 | ||
| 999 |
_c97472 _d97472 |
||